Normal view
MARC view
- Boven, Leaf Van.
Entry Personal Name
001 - CONTROL NUMBER
- control field: 57832
003 - CONTROL NUMBER IDENTIFIER
- control field: OSt
005 - DATE AND TIME OF LATEST TRANSACTION
- control field: 20240815105634.0
008 - FIXED-LENGTH DATA ELEMENTS
- fixed length control field: 240815|| aca||aabn | a|a d
040 ## - CATALOGING SOURCE
- Original cataloging agency: OSt
- Transcribing agency: OSt
100 ## - HEADING--PERSONAL NAME
- Personal name: Boven, Leaf Van.
- Relator term: author
670 ## - SOURCE DATA FOUND
- Source citation: Work cat.: (OSt): Mrkva, Kellen. author. 57831, Salience theory of mere exposure :, June 2020.
